书目信息 |
| 题名: |
精神文明
|
|
| 作者: | 陈宗厚 主编 | |
| 分册: | ||
| 出版信息: | 乌鲁木齐 新疆青少年出版社 2005 |
|
| 页数: | 278页 | |
| 开本: | 21cm | |
| 丛书名: | 教师必备知识丛书 | |
| 单 册: | ||
| 中图分类: | G631.7 | |
| 科图分类: | ||
| 主题词: | 精神文明建设--jing shen wen ming jian she--中小学--教学参考资料 | |
| 电子资源: | ||
| ISBN: | 7-5371-3990-3 | |
| 000 | 00996nam 2200289 45 | |
| 001 | CAL 0120065092901 | |
| 005 | 20061106085640.61 | |
| 010 | @a7-5371-3990-3@dCNY25.20 | |
| 092 | @aCN@b500186 | |
| 099 | @aCAL 0120065092901 | |
| 100 | @a20060929d2005 ekmy0chiy0121 ea | |
| 101 | 0 | @achi |
| 102 | @aCN@b650000 | |
| 105 | @ay z 000yy | |
| 200 | 1 | @a精神文明@Ajing shen wen ming@f陈宗厚主编@Fchen zong hou zhu bian |
| 205 | @a修订版 | |
| 210 | @a乌鲁木齐@c新疆青少年出版社@d2005 | |
| 215 | @a278页@d21cm | |
| 225 | 2 | @a教师必备知识丛书@Ajiao shi bi bei zhi shi cong shu@e教师公文包 |
| 330 | @a本书内容包括文明之邦、语言文明、行为文明、现代内在美、现代礼仪美五部分,对中小学教师自身精神文明建设进行了阐述。 | |
| 410 | 0 | @12001 @a教师必备知识丛书 |
| 606 | 0 | @a精神文明建设@Ajing shen wen ming jian she@x中小学@j教学参考资料 |
| 690 | @aG631.7@v4 | |
| 701 | 0 | @a陈宗厚@Achen zong hou@4主编 |
| 801 | 0 | @aCN@bLZJBOOK@c20061106 |
| 905 | @aBZT@dG631.7@e1 | |
| 906 | @dCNY25.20@n0@r1 | |
| 精神文明/陈宗厚主编.-修订版.-乌鲁木齐:新疆青少年出版社,2005 |
| 278页;21cm.-(教师必备知识丛书:教师公文包) |
| ISBN 7-5371-3990-3:CNY25.20 |
| 本书内容包括文明之邦、语言文明、行为文明、现代内在美、现代礼仪美五部分,对中小学教师自身精神文明建设进行了阐述。 |
| ● |
| 相关链接 |
|
|
|
正题名:精神文明
索取号:G631.7/1
 
预约/预借
| 序号 | 登录号 | 条形码 | 馆藏地/架位号 | 状态 | 备注 |
| 1 | 519555 | 230101616 | 中心书库北库/ 北库030架A面3列2层9/ [索取号:G631.7/1] | 在馆 | |
| 2 | 519556 | 230101617 | 中心书库北库/ 北库030架A面3列2层10/ [索取号:G631.7/1] | 在馆 | |
| 3 | 519557 | 230101618 | 中心书库北库/ 北库030架A面3列2层7/ [索取号:G631.7/1] | 在馆 | |
| 4 | 519558 | 230101619 | 中心书库北库/ 北库030架A面3列2层16/ [索取号:G631.7/1] | 在馆 | |
| 5 | 519559 | 230101620 | 中心书库北库/ 北库030架A面3列2层17/ [索取号:G631.7/1] | 在馆 | |
| 6 | 519560 | 230101621 | 中心书库北库/ 北库030架A面3列2层18/ [索取号:G631.7/1] | 在馆 | |
| 7 | 519561 | 230101622 | 中心书库北库/ 北库030架A面3列2层19/ [索取号:G631.7/1] | 在馆 | |
| 8 | 519562 | 230101623 | 中心书库北库/ 北库030架A面3列2层11/ [索取号:G631.7/1] | 在馆 | |
| 9 | 519563 | 230101611 | 中心书库北库/ 北库030架A面3列2层6/ [索取号:G631.7/1] | 在馆 | |
| 10 | 519564 | 230101612 | 中心书库北库/ 北库030架A面3列2层21/ [索取号:G631.7/1] | 在馆 | |
| 11 | 519565 | 230101613 | 中心书库北库/ 北库030架A面3列2层22/ [索取号:G631.7/1] | 在馆 | |
| 12 | 519566 | 230101614 | 中心书库北库/ 北库030架A面3列2层20/ [索取号:G631.7/1] | 在馆 | |
| 13 | 519567 | 230101615 | 中心书库北库/ 北库030架A面3列2层8/ [索取号:G631.7/1] | 在馆 |